000 00732nam a2200229Ia 4500
003 GCL
008 140319s9999 xx 000 0 ara d
020 _a2162148977
040 _aGCL /
_cGCL
082 0 4 _aق
_b322.1
_bط م
100 1 _aطارق البشرى
245 1 0 _aالمسلمون والاقباط فى اطار الجماعة الوطنية /
_cطارق البشرى
250 _aالثانية
260 _aالقاهرة :
_bدار الشروق ،
_c1988
300 _a726 ص ؛
_c30سم
490 _a
650 0 4 _aالاسلام والمسيحية
650 0 4 _aالاحزاب السياسية
650 0 4 _aالاخوان المسلمون
650 0 4 _aالوحدة الوطنية
942 _2ddc
_cBK
999 _c45189
_d45189